00653nam a2200169 a 4500008004100000020001800041050001900059110005800078245012600136260007500262300001900337650002900356650002800385650002400413650002300437650002300460180905s2017 ||||||||||||||||| || u a9789211171471 aUNECE(08)ES/49 aUnited Nations Economic Commission for Europe (UNECE)10aGlobal tracking framework: UNECE progress in Sustainable Energycby United Nations Economic Commission for Europe [UNECE] aNew York:bUnited Nations Economic Commission for Europe (UNECE)c2017 ax, 106p.: ill. 0aRENEWABLE ENERGY SOURCES 0aSUSTAINABLE DEVELOPMENT aENERGY CONSERVATION 0aENERGY CONSUMPTION 0aENERGY DEVELOPMENT